Advanced atomic and molecular spectroscopy (Record no. 394543)

MARC details
000 -LEADER
fixed length control field 00516 a2200193 4500
005 - DATE & TIME
control field 20260423142550.0
008 - FIXED-LENGTH DATA ELEMENTS--GENERAL INFORMATION
fixed length control field 260423b |||||||| |||| 00| 0 eng d
020 ## - ISBN
International Standard Book Number 9788180304453
Price Rs. 1595.00
040 ## - CATALOGING SOURCE
Original cataloging agency VIVEKANANDA LIBRARY
082 ## - DDC NUMBER
Classification number 543.5
Book Number P271A
100 ## - MAIN ENTRY--PERSONAL NAME
Personal name Patania, V B
245 ## - TITLE STATEMENT
Title Advanced atomic and molecular spectroscopy
260 ## - PUBLICATION, DISTRIBUTION, ETC. (IMPRINT)
Name of publisher, distributor, etc Campus Books International
Date of publication, distribution, etc 2024
Place of publication, distribution, etc New Delhi
300 ## - PHYSICAL DESCRIPTION
Pages vi, 200
650 ## - Subject
Subject Chemistry
650 ## - Subject
Subject Analytical Chemistry
650 ## - Subject
Subject Spectroscopy
942 ## - ADDED ENTRY ELEMENTS (KOHA)
Koha item type Books
Holdings
Withdrawn status Lost status Source of classification or shelving scheme Damaged status Not for loan Location (home branch) Sublocation or collection (holding branch) Shelving location Date acquired Koha issues (times borrowed) Koha full call number Accession No. Koha date last seen Koha item type
    Dewey Decimal Classification     VIVEKANANDA LIBRARY VIVEKANANDA LIBRARY Vivekananda Library 28/01/2026   543.5 P271A 444704 28/01/2026 Books
© Designed and Maintained by Vivekananda Library, MDU Rohtak